000 00815cam a2200217 a 4500
001 12148720
005 20180301050748.0
008 000818s2001 nyua 000 0 eng
010 _a 00064331
020 _a0130174815 (spiral bdg. : pbk.)
040 _aDLC
_cDLC
_dDLC
041 _aeng
080 _a428.24 bou
082 0 0 _a428.24 bou
_221
100 1 _a25.
101 _aedu
245 1 0 _aESL smart! :
_cMargaret Bouchard ; illustrations by Shelley Freese.
906 _a7
_bcbc
_corignew
_d1
_eocip
_f20
_gy-gencatlg
942 _2ddc
_cBK
999 _c43811
_d43811